00847nam a22002177a 450000500170000001000230001702000260004003500140006603700090008008200110008910000310010024500680013125000060019926000490020527001190025430000200037350000300039394200250042399900190044895201620046720241211143214.0 aDEC24SC ENG-142988 a9789358702187c599.00 aEN-126520 bDBAD a00021 a: Ravinder Dhankhar974976 aGeneral Knowledge Oneliners 35000+ Facts/cBy Ravinder Dhankhar a1 aNew DelhibS Chand and Company Limitedc2025 a A-27, 2nd Floor, Mohan Co-operative Industrial EstatebNew Delhie110044minfo@schandpublishing.comk011-49731800 a632p.c26cm(pb) aFor all Competitive Exams 2ddccENh000mDHAe1 c207581d207581 001040708NFICaLbLd2024-12-11eDelivery of Books Divisiong599.00l10m9o000 DHApEN-126520r2025-12-27 00:00:00s2025-12-13t1v599.00w2024-12-11yEN